00405nam a22001577a 4500003000500000005001700005008004100022020001800063040000600081082001600087100001600103245004900119260003100168300001400199650003400213CEME20210628201737.0210216b xxu||||| |||| 00| 0 eng d a81-7635-334-5 c. a005.133 ARC aArcher, Tom aTeach yourself visual interdev 6 in 24 hours aNEW DELHIbTECHMEDIAc1999 aXVII,476P aVISUAL INTERDEV 6 IN 24 HOURS